000
00290nam a22001337a 4500
008
171027b xxu||||| |||| 00| 0 eng d
020
_a
9780130497611
041
_a
eng
080
_2
3RD
_a
336
100
_a
56
101
_a
FIN
245
_a
THE NEW FINANCE
_c
HAUGEN,R.A
942
_2
udc
_c
BK
999
_c
36195
_d
36195